000 00766nam a2200253 i 4500
001 105885
003 ES-MaACL
005 20230906184011.0
007 t|
008 060907s1972 fr ||||1| fre d
080 _a347.23(44)(091)
080 _a323.325
080 _a333.5(44)
100 1 _aBouchet, Paul.
_930836
245 1 3 _aLa propriété contre les paysans /
_cPaul Bouchet, Robert Guillaumond.
260 _aParis :
_bLes Editions du Cerf,
_c[1972]
300 _a95 p. ;
_c18 cm.
500 _aBiblioteca Juan Andrade.
650 4 _aPropiedad-
_zFrancia-
_vHistoria.
_916478
650 1 4 _aPropiedad rústica-
_zFrancia.
_916499
650 1 4 _aCampesinado.
_910708
700 1 _aGuillaumond, Robert.
_960739
852 _aES-MaACL
_jAND-869
_bR.110157
999 _c105885
_d105885